00585nmm a2200169Ia 4500008004100000020001800041041000800059100003200067245006400099264006000163300001800223650002700241700003200268700003700300700002700337856005100364251105s9999||||xx |||||||||||||||||und|| a9789587844344 aspa aGauthier-Umaña, Valérie 0aVoces diversas y disruptivas en tiempos de Revolución 4.0 a[Bogotá, Colombia] :bUniversidad del Rosario, c2020 a271 páginas aEconomics and Business aGauthier-Umaña, Valérie1 a Méndez-Romero, Rafael Alberto1 a Suárez, Dora (eds.) uhttps://public.digitaliapublishing.com/a/68914